000
00326pam a2200133 a 4500
020
_c
041
_h
082
_b
KAZ
100
_a
Kazami, A.
245
_a
Business Policy And Strategic Management
_h
Textual Documents
260
_a
New Delhi
_b
Tata Mcgraw Hill Publishing Company Ltd
300
_a
XI/619
930
_a
11937
999
_c
118759
_d
118759